A Modified Framework for Seismic Fragility Assessment of School Buildings in High-Intensity Seismic Zones of Pakistan/ (Record no. 609863)

000 -LEADER
fixed length control field 00594nam a22001697a 4500
003 - CONTROL NUMBER IDENTIFIER
control field NUST
038 ## - RECORD CONTENT LICENSOR
Staff Name Nusrat Nadeem
082 ## - DEWEY DECIMAL CLASSIFICATION NUMBER
Classification number 200
100 ## - MAIN ENTRY--PERSONAL NAME
Personal name Zain, Muhammad
245 ## - TITLE STATEMENT
Title A Modified Framework for Seismic Fragility Assessment of School Buildings in High-Intensity Seismic Zones of Pakistan/
Statement of responsibility, etc. Muhammad Zain
264 ## - PRODUCTION, PUBLICATION, DISTRIBUTION, MANUFACTURE, AND COPYRIGHT NOTICE
Place of production, publication, distribution, manufacture Islamabad;
Name of producer, publisher, distributor, manufacturer SCEE NUST;
Date of production, publication, distribution, manufacture, or copyright notice 2022.
300 ## - PHYSICAL DESCRIPTION
Extent 119,p;
Other physical details ill;
Dimensions 30,cm.
650 ## - SUBJECT ADDED ENTRY--TOPICAL TERM
Topical term or geographic name entry element PhD- Structural Engineering
700 ## - ADDED ENTRY--PERSONAL NAME
Personal name Supervisor:Dr.Muhammad Usman
856 ## - ELECTRONIC LOCATION AND ACCESS
Uniform Resource Identifier <a href="http://10.250.8.41:8080/xmlui/handle/123456789/40124">http://10.250.8.41:8080/xmlui/handle/123456789/40124</a>
942 ## - ADDED ENTRY ELEMENTS (KOHA)
Source of classification or shelving scheme
Koha item type Soft Copy
Holdings
Withdrawn status Permanent Location Current Location Date acquired Full call number Barcode Koha item type
  Central Library (CL) Central Library (CL) 06/26/2024 200 CLPT-430 Soft Copy
© 2023 Central Library, National University of Sciences and Technology. All Rights Reserved.